Complex analysis (Record no. 11745)
[ view plain ]
| 000 -LEADER | |
|---|---|
| fixed length control field | 01274cas a2200373 a 4500 |
| 001 - CONTROL NUMBER | |
| control field | 11480768 |
| 005 - DATE AND TIME OF LATEST TRANSACTION | |
| control field | 20170105102347.0 |
| 008 - FIXED-LENGTH DATA ELEMENTS--GENERAL INFORMATION | |
| fixed length control field | 970620c19979999gw uu p 0 0eng |
| 010 ## - LIBRARY OF CONGRESS CONTROL NUMBER | |
| LC control number | 97640157 |
| 015 ## - NATIONAL BIBLIOGRAPHY NUMBER | |
| National bibliography number | 01852902X |
| Source | dnb |
| 016 7# - NATIONAL BIBLIOGRAPHIC AGENCY CONTROL NUMBER | |
| Record control number | 1353913-9 |
| Source | DE-600 |
| 035 ## - SYSTEM CONTROL NUMBER | |
| System control number | (OCoLC)ocm37160804 |
| 040 ## - CATALOGING SOURCE | |
| Original cataloging agency | DLC |
| Language of cataloging | eng |
| Transcribing agency | DLC |
| Modifying agency | GBVCP |
| -- | OCoLC |
| 041 1# - LANGUAGE CODE | |
| Language code of text/sound track or separate title | eng |
| Language code of original | rus |
| 042 ## - AUTHENTICATION CODE | |
| Authentication code | pcc |
| 050 00 - LIBRARY OF CONGRESS CALL NUMBER | |
| Classification number | QA331.7 |
| Item number | .C658 |
| 082 00 - DEWEY DECIMAL CLASSIFICATION NUMBER | |
| Classification number | 515.9 |
| Edition number | 21 |
| 245 00 - TITLE STATEMENT | |
| Title | Complex analysis |
| Statement of responsibility, etc. | Joseph Bak |
| 250 ## - EDITION STATEMENT | |
| Edition statement | 3rd ed. |
| 260 ## - PUBLICATION, DISTRIBUTION, ETC. | |
| Place of publication, distribution, etc. | Berlin ; |
| -- | New York : |
| Name of publisher, distributor, etc. | Springer, |
| Date of publication, distribution, etc. | c1997- |
| 300 ## - PHYSICAL DESCRIPTION | |
| Extent | xii, 325p. : |
| Other physical details | ill. ; |
| Dimensions | 24 cm. |
| 362 0# - DATES OF PUBLICATION AND/OR SEQUENTIAL DESIGNATION | |
| Dates of publication and/or sequential designation | 1- |
| 490 1# - SERIES STATEMENT | |
| Series statement | Encyclopaedia of mathematical sciences |
| 580 ## - LINKING ENTRY COMPLEXITY NOTE | |
| Linking entry complexity note | Translated from various issues of: Itogi nauki i tekhniki. Serii͡a︡ Sovremennye problemy matematiki. Fundamentalʹnye napravlenii͡a︡. |
| 590 ## - LOCAL NOTE (RLIN) | |
| Local note | SERBIB/SERLOC merged record |
| 650 #0 - SUBJECT ADDED ENTRY--TOPICAL TERM | |
| Topical term or geographic name entry element | Functions of complex variables. |
| 650 #0 - SUBJECT ADDED ENTRY--TOPICAL TERM | |
| Topical term or geographic name entry element | Mathematical analysis. |
| 730 0# - ADDED ENTRY--UNIFORM TITLE | |
| Uniform title | Itogi nauki i tekhniki. Serii͡a︡ Sovremennye problemy matematiki. Fundamentalʹnye napravlenii͡a︡. |
| 830 #0 - SERIES ADDED ENTRY--UNIFORM TITLE | |
| Uniform title | Encyclopaedia of mathematical sciences. |
| 906 ## - LOCAL DATA ELEMENT F, LDF (RLIN) | |
| a | 7 |
| b | cbc |
| c | serials |
| d | u |
| e | ncip |
| f | 19 |
| g | n-oclcserc |
| 942 ## - ADDED ENTRY ELEMENTS (KOHA) | |
| Source of classification or shelving scheme | |
| Koha item type | Book |
| Withdrawn status | Lost status | Damaged status | Not for loan | Collection code | Permanent Location | Current Location | Shelving location | Date acquired | Source of acquisition | Cost, normal purchase price | Total Checkouts | Total Renewals | Full call number | Barcode | Date last seen | Date last checked out | Price effective from | Koha item type |
|---|---|---|---|---|---|---|---|---|---|---|---|---|---|---|---|---|---|---|
| Central Library (CL) | Central Library (CL) | General Stacks | 04/09/2013 | Progressive International Agencies | 5585.99 | 6 | 4 | 515.9 BAK | SEECS012212 | 08/11/2021 | 11/12/2020 | 04/16/2013 | Book |
